[Event "Finney Mini-Swiss (December)"]
[Site "Detroit, Mich."]
[Date "1993.12.11"]
[Round "3"]
[White "Moody, David"]
[Black "Thompson, Dexter"]
[Result "1/2-1/2"]
[WhiteElo "2000"]
[BlackElo "2235"]
[PlyCount "129"]
[EventDate "1993.12.11"]

1. e4 e5 2. Nf3 Nc6 3. Bc4 Nf6 4. d4 exd4 5. O-O Nxe4 6. Re1 d5 7. Nc3 dxc4 8.
Rxe4+ Be6 9. Nxd4 Nxd4 10. Rxd4 Bd6 11. Nb5 O-O 12. Nxd6 cxd6 13. Rxd6 Qf6 14.
Qd4 Qg6 15. Bd2 Qxc2 16. Bc3 Qg6 17. f4 Qg4 18. h3 Qg3 19. Be1 Qg6 20. Bc3 Qg3
21. Be1 Qd3 22. Qe5 Qf5 23. Qd4 Rac8 24. Bc3 Qc5 25. g4 Qxd4+ 26. Bxd4 a6 27.
f5 Rfd8 28. Rxd8+ Rxd8 29. Rd1 Bd5 30. Bb6 Rd7 31. Re1 f6 32. Bc5 Kf7 33. a3 g6
34. fxg6+ hxg6 35. Kf2 f5 36. gxf5 gxf5 37. Kg3 Be4 38. Be3 Rd3 39. Kf4 Kf6 40.
Rg1 b5 41. h4 Bc6 42. h5 Be8 43. h6 Bg6 44. Rg2 Rd1 45. Rd2 Rf1+ 46. Kg3 Ke5
47. Kg2 Re1 48. Bf2 Rb1 49. Bd4+ Ke4 50. Bc3 f4 51. Re2+ Kd3 52. Re6 Bf5 53.
Re5 Bh7 54. Re7 Bg8 55. h7 Bxh7 56. Rxh7 Kc2 57. Ra7 Rxb2 58. Bxb2 Kxb2 59.
Rxa6 Kb3 60. Ra5 c3 61. Rxb5+ Kxa3 62. Kf3 c2 63. Rc5 Kb2 64. Rxc2+ Kxc2 65.
Kxf4 1/2-1/2

[Event "Finney Mini-Swiss (December)"]
[Site "Detroit, Mich."]
[Date "1993.12.11"]
[Round "1"]
[White "Moody, David"]
[Black "Reeves, Andre"]
[Result "1-0"]
[WhiteElo "2000"]
[BlackElo "1737"]
[PlyCount "109"]
[EventDate "1993.12.11"]

1. Nc3 d5 2. e4 d4 3. Nce2 Bg4 4. d3 e5 5. h3 Be6 6. Nf3 Nc6 7. Ng3 Qd7 8. Ng5
O-O-O 9. Nxe6 fxe6 10. Be2 Be7 11. O-O g5 12. Bg4 h6 13. Nh5 Rf8 14. c3 Nf6 15.
Qb3 Nd8 16. cxd4 Nxg4 17. hxg4 exd4 18. Bd2 e5 19. Rac1 Qxg4 20. Ng3 h5 21. Nf5
Rxf5 22. exf5 h4 23. Qd5 Qxf5 24. Ba5 c6 25. Rfe1 h3 26. Qxe5 Qxe5 27. Rxe5 Bd6
28. Rxg5 Bf4 29. Rgc5 Bxc1 30. Rxc1 Rg8 31. g3 Ne6 32. Kh2 Rh8 33. Bd2 Kd7 34.
b4 Kd6 35. g4 Rf8 36. Kg3 b6 37. f4 c5 38. f5 Nd8 39. Kxh3 Kd5 40. bxc5 bxc5
41. Kg3 Nc6 42. a3 Ne5 43. Rxc5+ Kxc5 44. Bb4+ Kd5 45. Bxf8 Nxd3 46. Bb4 Nxb4
47. axb4 Kc4 48. Kf2 Kc3 49. f6 d3 50. f7 d2 51. f8=Q d1=Q 52. Qf3+ Qd3 53. g5
Qxf3+ 54. Kxf3 Kd4 55. g6 1-0

[Event "Finney Mini-Swiss (December)"]
[Site "Detroit, Mich."]
[Date "1993.12.11"]
[Round "2"]
[White "Gaiefsky, Mike"]
[Black "Moody, David"]
[Result "0-1"]
[WhiteElo "1801"]
[BlackElo "2000"]
[PlyCount "44"]
[EventDate "1993.12.11"]

1. d4 Nf6 2. c4 c5 3. d5 e6 4. Nc3 exd5 5. cxd5 d6 6. e4 g6 7. f4 Bg7 8. Nf3
O-O 9. Bd3 Bg4 10. O-O a6 11. a4 Nbd7 12. h3 Bxf3 13. Qxf3 Re8 14. Be3 Rb8 15.
e5 dxe5 16. f5 e4 17. Nxe4 Ne5 18. Nxf6+ Bxf6 19. Qd1 Nxd3 20. Qxd3 Rxe3 21.
Qc2 Bd4 22. Kh1 Qxd5 0-1

[Event "Trenton Action (December)"]
[Site "Trenton, Mich."]
[Date "1993.12.18"]
[Round "2"]
[White "Torman, Eric"]
[Black "Moody, David"]
[Result "1-0"]
[WhiteElo "2430"]
[BlackElo "2000"]
[PlyCount "67"]
[EventDate "1993.12.18"]

1. d4 Nf6 2. c4 c5 3. d5 e6 4. Nc3 exd5 5. cxd5 d6 6. e4 g6 7. f4 Bg7 8. Nf3
O-O 9. Be2 a6 10. a4 Bg4 11. O-O Re8 12. h3 Bxf3 13. Bxf3 Nbd7 14. g4 h6 15. a5
b5 16. axb6 Qxb6 17. g5 Nh7 18. Bg4 c4+ 19. Kh1 Nc5 20. f5 Nxg5 21. Bxg5 hxg5
22. fxg6 fxg6 23. Na4 Qb4 24. Nxc5 Qxc5 25. Be6+ Kh8 26. Qg4 Qe3 27. Rae1 Qd3
28. Qxg5 Rxe6 29. Qh4+ Kg8 30. dxe6 Re8 31. Qg4 Re7 32. Rd1 Qb3 33. Rxd6 Qxb2
34. Rd8+ 1-0

[Event "Trenton Action (December)"]
[Site "Trenton, Mich."]
[Date "1993.12.18"]
[Round "3"]
[White "Moody, David"]
[Black "Wright, Kenneth"]
[Result "1-0"]
[WhiteElo "2000"]
[BlackElo "1536"]
[PlyCount "89"]
[EventDate "1993.12.18"]

1. e4 d5 2. Nc3 d4 3. Nce2 e5 4. Ng3 Nf6 5. Nf3 Nc6 6. Bc4 Bg4 7. O-O Bc5 8. d3
Qd7 9. h3 Be6 10. Bb3 h6 11. Nh4 Bxh3 12. gxh3 Qxh3 13. Nf3 O-O-O 14. Bxf7 Rdf8
15. Bg6 Ng4 16. Bf5+ Kb8 17. Bxg4 Qxg4 18. Nh2 Qg6 19. Qh5 Qe6 20. Bd2 g6 21.
Qg4 Qf6 22. f4 h5 23. Qg5 Qxg5 24. fxg5 Rxf1+ 25. Rxf1 Rf8 26. Rxf8+ Bxf8 27.
Nf3 Kc8 28. Kh2 Kd7 29. Kh3 Ke6 30. Kh4 b5 31. Nxh5 gxh5 32. Kxh5 Kf7 33. g6+
Kg8 34. Bh6 Be7 35. Bg5 Bf8 36. Bf6 Bg7 37. Bxg7 Kxg7 38. Nh4 Ne7 39. Nf5+ Nxf5
40. exf5 c5 41. Kg5 c4 42. f6+ Kg8 43. Kh6 cxd3 44. g7 dxc2 45. Kg6 1-0

[Event "Trenton Action (December)"]
[Site "Trenton, Mich."]
[Date "1993.12.18"]
[Round "1"]
[White "Moody, David"]
[Black "Wozniak, Jeff"]
[Result "1-0"]
[WhiteElo "2000"]
[BlackElo "1434"]
[PlyCount "21"]
[EventDate "1993.12.18"]

1. e4 e5 2. Nf3 Nf6 3. Bc4 Nc6 4. d4 exd4 5. O-O d5 6. exd5 Nxd5 7. Re1+ Be7 8.
Nxd4 O-O 9. Bxd5 Nxd4 10. Qxd4 Bf6 11. Qd3 1-0

[Event "Trenton Action (December)"]
[Site "Trenton, Mich."]
[Date "1993.12.18"]
[Round "5"]
[White "Moody, David"]
[Black "McFolley, John"]
[Result "1-0"]
[WhiteElo "2000"]
[BlackElo "1487"]
[PlyCount "61"]
[EventDate "1993.12.18"]

1. e4 e5 2. Nf3 Nc6 3. d4 exd4 4. Bc4 Be7 5. c3 dxc3 6. Qd5 Nh6 7. Bxh6 O-O 8.
Bxg7 Kxg7 9. Nxc3 Nb4 10. Qd2 d6 11. h4 Kh8 12. Ng5 Bxg5 13. hxg5 Be6 14. g6
Bxc4 15. Rxh7+ Kg8 16. Rh8+ Kg7 17. Qh6+ Kf6 18. g7+ Ke7 19. Rxf8 Qxf8 20.
gxf8=Q+ Rxf8 21. Qd2 Rh8 22. O-O-O Rh2 23. Nd5+ Nxd5 24. exd5 Rxg2 25. Qe3+ Kd7
26. Qh3+ Kd8 27. Qxg2 Bxa2 28. Qg5+ Ke8 29. Re1+ Kf8 30. Qh6+ Kg8 31. Rg1# 1-0

[Event "Trenton Action (December)"]
[Site "Trenton, Mich."]
[Date "1993.12.18"]
[Round "4"]
[White "Comstock, Ron"]
[Black "Moody, David"]
[Result "1-0"]
[WhiteElo "1829"]
[BlackElo "2000"]
[PlyCount "63"]
[EventDate "1993.12.18"]

1. Nf3 f5 2. d4 Nf6 3. c4 e6 4. g3 Be7 5. Bg2 O-O 6. O-O d5 7. Qc2 c6 8. cxd5
exd5 9. Ne5 Qe8 10. Bf4 Qh5 11. Nc3 Nbd7 12. Rab1 Nxe5 13. dxe5 Ne4 14. Bf3 Qf7
15. b4 Ng5 16. Bg2 Ne6 17. b5 g5 18. Bd2 f4 19. bxc6 bxc6 20. Nxd5 cxd5 21.
Bxd5 Qh5 22. Bxa8 fxg3 23. fxg3 Bc5+ 24. e3 Qe2 25. Rxf8+ Kxf8 26. Qf5+ Ke7 27.
Qxh7+ Kd8 28. Ba5+ Bb6 29. Bxb6+ axb6 30. Qe4 Qxa2 31. Qd5+ Qxd5 32. Bxd5 1-0

[Event "Eastern Open U2100"]
[Site "Bethesda, Md."]
[Date "1993.12.26"]
[Round "2"]
[White "Smith, Stanley"]
[Black "Moody, David"]
[Result "0-1"]
[WhiteElo "2043"]
[BlackElo "2000"]
[PlyCount "83"]
[EventDate "1993.12.26"]

1. e4 e5 2. Nf3 Nc6 3. Bb5 a6 4. Bxc6 dxc6 5. h3 f6 6. O-O Ne7 7. d4 exd4 8.
Nxd4 Ng6 9. Be3 Bd6 10. c3 Qe7 11. Nd2 O-O 12. Nf5 Bxf5 13. exf5 Qe5 14. Nf3
Qxf5 15. Qb3+ Qd5 16. c4 Qe6 17. Rfe1 Ne5 18. Nd2 Kh8 19. Bd4 Qf5 20. Ne4 b5
21. c5 Be7 22. Rad1 Rfe8 23. Bxe5 fxe5 24. Rd3 Rad8 25. Rf3 Qd7 26. Qc2 Qd4 27.
Ra3 Qb4 28. Ree3 a5 29. Rac3 a4 30. a3 Qa5 31. g4 Rd5 32. Kg2 Red8 33. Re2 Qa8
34. Kg3 R8d7 35. Ree3 Qd8 36. Kg2 Bg5 37. Re2 Bf4 38. Rf3 Rd1 39. Nd6 Rc1 40.
Qe4 cxd6 41. Rxf4 Rc4 42. Qxc6 0-1

[Event "Eastern Open U2100"]
[Site "Bethesda, Md."]
[Date "1993.12.26"]
[Round "1"]
[White "Moody, David"]
[Black "Blokhina, Natalia"]
[Result "1-0"]
[WhiteElo "2000"]
[BlackElo "1636"]
[PlyCount "95"]
[EventDate "1993.12.26"]

1. e4 e5 2. Nf3 Nc6 3. d4 exd4 4. Bc4 d6 5. Nxd4 Nf6 6. Nc3 Be7 7. h3 Bd7 8.
Be3 a6 9. Qe2 O-O 10. O-O-O Ne5 11. g4 b5 12. Bd5 c6 13. f4 cxd5 14. fxe5 dxe5
15. Nf3 d4 16. Nxe5 dxc3 17. g5 cxb2+ 18. Kxb2 Qa5 19. Rd3 Be6 20. a3 Bc4 21.
gxf6 Bxf6 22. Bd4 b4 23. Nxc4 bxa3+ 24. Ka2 Qc7 25. Nxa3 Bxd4 26. Rxd4 Qb6 27.
Qd2 Rab8 28. Rb1 Qe6+ 29. c4 Rxb1 30. Nxb1 Qxh3 31. Rd8 Qe6 32. Rxf8+ Kxf8 33.
Qd8+ Qe8 34. Qd6+ Qe7 35. e5 f6 36. c5 fxe5 37. Qb8+ Qe8 38. Qb7 Qa4+ 39. Na3
Qe8 40. c6 Qe6+ 41. Kb2 Qd5 42. Qb8+ Ke7 43. c7 Qd4+ 44. Kb3 Qd3+ 45. Ka4 Qd4+
46. Ka5 Qc5+ 47. Nb5 Kd7 48. Qd8+ 1-0

[Event "Eastern Open U2100"]
[Site "Bethesda, Md."]
[Date "1993.12.27"]
[Round "3"]
[White "Moody, David"]
[Black "Kagan, Abram"]
[Result "0-1"]
[WhiteElo "2000"]
[BlackElo "2083"]
[PlyCount "32"]
[EventDate "1993.12.26"]

1. e4 e5 2. Nf3 Nf6 3. Bc4 Nxe4 4. Nc3 Nxc3 5. dxc3 f6 6. O-O d6 7. Nh4 g6 8.
f4 Qe7 9. f5 Qg7 10. g4 Be7 11. g5 fxg5 12. fxg6 gxh4 13. Kh1 Bd7 14. Bf7+ Kd8
15. Qd3 Bc6+ 16. Bd5 Qxg6 0-1

[Event "Eastern Open U2100"]
[Site "Bethesda, Md."]
[Date "1993.12.27"]
[Round "4"]
[White "Cheyney, Steven"]
[Black "Moody, David"]
[Result "1-0"]
[WhiteElo "2077"]
[BlackElo "2000"]
[PlyCount "49"]
[EventDate "1993.12.26"]

1. e4 e5 2. Nf3 Nc6 3. Bc4 Nf6 4. d4 exd4 5. O-O Bc5 6. c3 dxc3 7. e5 d5 8.
exf6 dxc4 9. Qxd8+ Nxd8 10. fxg7 Rg8 11. Nxc3 Rxg7 12. Bf4 Ne6 13. Rfe1 Bd7 14.
Bxc7 Bc6 15. Be5 Rg4 16. Bg3 Bxf3 17. gxf3 Rg8 18. Rad1 Rd8 19. Nd5 Kf8 20. Kf1
Bd4 21. Nc7 Nc5 22. Rxd4 Rxd4 23. Re8+ Kg7 24. Be5+ f6 25. Rxg8+ 1-0

[Event "Eastern Open U2100"]
[Site "Bethesda, Md."]
[Date "1993.12.28"]
[Round "6"]
[White "Ward, Alfred"]
[Black "Moody, David"]
[Result "0-1"]
[WhiteElo "1900"]
[BlackElo "2000"]
[PlyCount "62"]
[EventDate "1993.12.26"]

1. Nf3 g6 2. b4 Bg7 3. Nc3 e5 4. Rb1 d5 5. e4 d4 6. Na4 f5 7. d3 Ne7 8. Be2 O-O
9. c4 fxe4 10. dxe4 b6 11. Nb2 Bb7 12. Qd3 a5 13. Ng5 Qd6 14. Qh3 h6 15. Qe6+
Qxe6 16. Nxe6 Bxe4 17. Bd3 Bxd3 18. Nxd3 Rc8 19. Nxg7 Kxg7 20. Nxe5 axb4 21.
Rb2 c5 22. O-O Nec6 23. Re1 Nxe5 24. Rxe5 Nc6 25. Re6 Re8 26. Rbe2 Rxe6 27.
Rxe6 Rxa2 28. Kf1 Ra1 29. Re1 g5 30. h4 b3 31. hxg5 hxg5 0-1

[Event "Eastern Open U2100"]
[Site "Bethesda, Md."]
[Date "1993.12.28"]
[Round "5"]
[White "Moody, David"]
[Black "Ulrich, Jiri"]
[Result "0-1"]
[WhiteElo "2000"]
[BlackElo "1909"]
[PlyCount "56"]
[EventDate "1993.12.26"]

1. e4 g6 2. d4 Bg7 3. Nf3 d6 4. Bc4 Nc6 5. Nc3 Nf6 6. Bg5 O-O 7. Qe2 h6 8. Bh4
g5 9. Bg3 g4 10. Nh4 Nxd4 11. Qd2 Nh7 12. Bf4 e5 13. Bg3 Ng5 14. O-O-O b5 15.
Nxb5 Nxb5 16. Bxb5 Nxe4 17. Qd5 Rb8 18. Qxe4 Rxb5 19. h3 Qg5+ 20. Kb1 Be6 21.
hxg4 d5 22. Qe2 Rfb8 23. b3 e4 24. Qd2 Qf6 25. c3 Bxg4 26. f3 Qb6 27. Bf2 Rxb3+
28. Ka1 Rxc3 0-1

[Event "Eastern Open U2100"]
[Site "Bethesda, Md."]
[Date "1993.12.29"]
[Round "7"]
[White "Moody, David"]
[Black "Morris, Jon"]
[Result "1-0"]
[WhiteElo "2000"]
[BlackElo "1907"]
[PlyCount "75"]
[EventDate "1993.12.26"]

1. e4 c5 2. Nf3 Nc6 3. d4 cxd4 4. Nxd4 e5 5. Nb5 d6 6. N1c3 a6 7. Na3 b5 8. Nd5
Nge7 9. Bg5 Ra7 10. c3 h6 11. Bh4 Be6 12. Bxb5 axb5 13. Nxb5 Rd7 14. Ndc7+ Qxc7
15. Nxc7+ Rxc7 16. O-O Ng6 17. Bg3 Be7 18. b4 Bc4 19. Re1 O-O 20. f3 d5 21.
exd5 Rd8 22. a4 Rxd5 23. Qc2 Rcd7 24. Red1 Bd3 25. Qb3 Nf4 26. Bxf4 exf4 27. a5
Rg5 28. a6 Ne5 29. a7 Nxf3+ 30. Kf2 Nh4 31. a8=Q+ Bd8 32. Rxd3 Rxd3 33. Rd1
Rxg2+ 34. Qxg2 Bb6+ 35. Kf1 f3 36. Qg3 Nf5 37. Qb8+ Rd8 38. Rxd8+ 1-0

[Event "Eastpointe (EDO/3/23)"]
[Site "?"]
[Date "1994.??.??"]
[Round "?"]
[White "al-Shareef, Robert"]
[Black "Wozniak, J."]
[Result "0-1"]
[WhiteElo "1605"]
[BlackElo "1605"]
[PlyCount "90"]
[EventDate "1994.??.??"]

{3/(23)} 1. Nf3 Nf6 2. b3 e6 3. e3 d5 4. Bb2 Be7 5. d4 O-O 6. Bd3 c5 7. O-O Nc6
8. c3 Qc7 9. Re1 Ne4 10. Ne5 Nxe5 11. dxe5 Qxe5 12. f3 Nf6 13. Qe2 Qc7 14. Nd2
Bd6 15. g3 Re8 16. c4 Be5 17. Bxe5 Qxe5 18. f4 Qc7 19. e4 d4 20. e5 Nd7 21. Qh5
g6 22. Qh6 f5 23. Nf3 Nf8 24. h4 b6 25. h5 Bb7 26. Nh4 Qg7 27. Qxg7+ Kxg7 28.
hxg6 Nxg6 29. Kf2 Ne7 30. Rg1 Ng6 31. Nf3 Rh8 32. g4 Be4 33. Bxe4 fxe4 34. Ng5
Nxf4 35. Raf1 h6 36. Nxe4 Nh3+ 37. Ke2 Nxg1+ 38. Rxg1 Raf8 39. Nd6 Rf4 40. a3
Rhf8 41. Kd3 Rf3+ 42. Kc2 Rf2+ 43. Kb1 R8f3 44. b4 cxb4 45. axb4 Rb3+ 0-1

[Event "Eastpointe (US Am N/2/16)"]
[Site "?"]
[Date "1994.??.??"]
[Round "?"]
[White "al-Shareef, Robert"]
[Black "Wisckol, Richard"]
[Result "0-1"]
[WhiteElo "1605"]
[BlackElo "1875"]
[PlyCount "90"]
[EventDate "1994.??.??"]

{2/(16)} 1. Nf3 Nf6 2. g3 d5 3. c4 c6 4. Bg2 g6 5. O-O Bg7 6. d4 O-O 7. Nbd2
Nbd7 8. Qb3 e6 9. Re1 Qb6 10. Qxb6 Nxb6 11. Ne5 Nfd7 12. cxd5 cxd5 13. Ndf3
Nxe5 14. Nxe5 Nd7 15. Nf3 b6 16. Bf4 Ba6 17. Rac1 Rfc8 18. e3 f6 19. Bh3 Kf7
20. e4 dxe4 21. Rxe4 Rxc1+ 22. Bxc1 Bc4 23. b3 Bd5 24. Re1 Rc8 25. Nd2 f5 26.
Bf1 Bxd4 27. Nc4 Bc5 28. Be3 Bxc4 29. Bxc4 Ne5 30. Rc1 Nxc4 31. Rxc4 Rc7 32.
Bf4 Rd7 33. b4 Be7 34. a4 Kf6 35. h4 e5 36. Rc6+ Rd6 37. Bg5+ Ke6 38. Rxd6+
Bxd6 39. Bd2 Kd5 40. Kf1 Kc4 41. b5 Bb4 42. Ke2 Bxd2 43. Kxd2 Kb4 44. Kd3 Kxa4
45. Kc4 e4 0-1

[Event "Detroit (MCO/C/5/3)"]
[Site "?"]
[Date "1994.??.??"]
[Round "?"]
[White "al-Shareef, Robert"]
[Black "Waller, A."]
[Result "1/2-1/2"]
[WhiteElo "1605"]
[BlackElo "1605"]
[PlyCount "98"]
[EventDate "1994.??.??"]

{5/(3)} 1. Nf3 d5 2. g3 c5 3. Bg2 Nc6 4. O-O Nf6 5. d3 e5 6. Nbd2 Bd6 7. e4 d4
8. a4 O-O 9. Nc4 Be6 10. Nxd6 Qxd6 11. Bg5 Nd7 12. h4 c4 13. Re1 cxd3 14. cxd3
Nb4 15. Re2 Nc5 16. Ne1 Bb3 17. Qd2 a5 18. f4 f6 19. fxe5 fxe5 20. Bh3 h6 21.
Bf5 hxg5 22. Qxg5 Qf6 23. Qd2 Qh6 24. Qxh6 gxh6 25. Rd2 Bxa4 26. Rg2 Bd7 27. g4
b6 28. Rg3 Bxf5 29. gxf5+ Kh7 30. h5 Rg8 31. Rg6 Rxg6+ 32. hxg6+ Kg7 33. Rd1 a4
34. Rd2 a3 35. bxa3 Rxa3 36. Rb2 Ncxd3 37. Nxd3 Nxd3 38. Rxb6 Ra7 39. Re6 h5
40. Kh2 Rd7 41. Kg3 Nf4 42. Rxe5 Nxg6 43. fxg6 Kxg6 44. Re6+ Kg5 45. Re5+ Kf6
46. Rxh5 d3 47. Rh1 d2 48. Rd1 Ke5 49. Kf3 Rd4 1/2-1/2

[Event "Detroit (MCO/C/2a/11)"]
[Site "?"]
[Date "1994.??.??"]
[Round "?"]
[White "al-Shareef, Robert"]
[Black "Thompson, P."]
[Result "1-0"]
[WhiteElo "1605"]
[BlackElo "1605"]
[PlyCount "135"]
[EventDate "1994.??.??"]

1. Nf3 Nf6 2. g3 d6 3. Bg2 e5 4. d3 Be7 5. e4 O-O 6. O-O Nc6 7. Nbd2 Bg4 8. c3
Qd7 9. Nc4 Bd8 10. Ne3 Bh5 11. Qd2 Ne7 12. Nh4 c6 13. Nef5 Nxf5 14. Nxf5 Bg6
15. Bh3 Bxf5 16. Bxf5 Qe7 17. h4 Nh5 18. Qe2 g6 19. Bh6 Ng7 20. Qg4 f6 21. Bxg7
Qxg7 22. Be6+ Kh8 23. h5 b5 24. Kg2 gxh5 25. Qxh5 a5 26. a4 Ra7 27. Bf5 Qg5 28.
Rh1 Qxh5 29. Rxh5 Rff7 30. b3 Rg7 31. d4 exd4 32. cxd4 b4 33. Rc1 Rac7 34. f4
d5 35. e5 fxe5 36. fxe5 Rg5 37. Rxg5 Bxg5 38. Rc5 Be3 39. Rxa5 Bxd4 40. e6 Bf6
41. Rc5 Be7 42. Rc1 c5 43. Bd3 Kg7 44. Rf1 Bf6 45. Bxh7 c4 46. Bc2 c3 47. Rf4
d4 48. Rf3 Rc6 49. Kf2 Rxe6 50. Rd3 Rd6 51. Kf3 Bg5 52. Ke4 Be3 53. Ke5 Rd8 54.
Ke4 Kf6 55. Rd1 Kg5 56. Kd3 Kg4 57. Kc4 Rg8 58. a5 Kxg3 59. Ra1 Kf2 60. a6 Ke2
61. a7 Ra8 62. Be4 Rxa7 63. Rxa7 d3 64. Bxd3+ Kd2 65. Ra2+ Kc1 66. Kxb4 Bd2 67.
Rc2+ Kd1 68. Kc4 1-0

[Event "Detroit (MOR/1b/27)"]
[Site "?"]
[Date "1994.??.??"]
[Round "?"]
[White "al-Shareef, Robert"]
[Black "Randel, J."]
[Result "1-0"]
[WhiteElo "1605"]
[BlackElo "1605"]
[PlyCount "67"]
[EventDate "1994.??.??"]

1. Nf3 d5 2. g3 Nf6 3. c4 Nc6 4. cxd5 Nxd5 5. d4 e6 6. Bg2 Bd6 7. O-O O-O 8. e4
Nde7 9. e5 Bb4 10. Bg5 b6 11. a3 h6 12. axb4 hxg5 13. Nxg5 Nd5 14. Qh5 Qxg5 15.
Qxg5 Bd7 16. Qd2 Rfd8 17. f4 Nce7 18. Nc3 Bc6 19. Nxd5 Nxd5 20. f5 exf5 21.
Rxf5 Rd7 22. Qg5 Rf8 23. Rxa7 b5 24. Qc1 Ne7 25. Bxc6 Nxf5 26. Bxd7 Nxd4 27.
Qxc7 Nf3+ 28. Kf2 Nd4 29. Be8 Ne6 30. Bxf7+ Rxf7+ 31. Qxf7+ Kh7 32. Qxe6 Kh8
33. Qf7 Kh7 34. Qxg7# 1-0

[Event "Detroit (MOR/5/14)"]
[Site "?"]
[Date "1994.??.??"]
[Round "?"]
[White "al-Shareef, Robert"]
[Black "Munger, Larry"]
[Result "1-0"]
[WhiteElo "1605"]
[BlackElo "1725"]
[PlyCount "137"]
[EventDate "1994.??.??"]

{5/(14)} 1. e4 d6 2. Nf3 Nf6 3. d3 g6 4. g3 Bg7 5. Bg2 c5 6. Nbd2 Nc6 7. c3 O-O
8. O-O Bg4 9. h3 Bd7 10. Re1 Qc8 11. Kh2 Ne5 12. d4 Nd3 13. Re2 c4 14. e5 Nd5
15. exd6 exd6 16. Nxc4 Qxc4 17. Nd2 Qc8 18. Bxd5 Re8 19. Ne4 Rxe4 20. Bxe4 Nxc1
21. Qxc1 Qc7 22. Qf4 Bb5 23. Re3 Rd8 24. Rae1 Qb6 25. Bd3 Bc6 26. Bc4 d5 27.
Re7 Rf8 28. Bb3 a5 29. Qd6 Qb5 30. Qc5 Qxc5 31. dxc5 Rd8 32. a4 Bf8 33. R7e5
Bxc5 34. c4 Bb4 35. cxd5 Bxd5 36. Re8+ Rxe8 37. Rxe8+ Kg7 38. Bxd5 b6 39. b3
Kf6 40. Rb8 Bc5 41. Rb7 Kg5 42. Rxf7 Kh6 43. g4 Bd4 44. f4 g5 45. fxg5+ Kxg5
46. Rf5+ Kg6 47. h4 Bf6 48. Bf7+ Kg7 49. g5 Bd4 50. Bh5 Bc5 51. Rxc5 bxc5 52.
Be2 h6 53. gxh6+ Kxh6 54. h5 Kg5 55. Kg3 Kf5 56. Kh4 Kf6 57. Bd3 Kg7 58. Kg5
Kg8 59. h6 Kh8 60. Kf6 Kg8 61. h7+ Kh8 62. Ke5 c4 63. bxc4 Kg7 64. c5 Kh8 65.
c6 Kg7 66. c7 Kh8 67. c8=Q+ Kg7 68. h8=Q+ Kf7 69. Qf6# 1-0

[Event "Eastpointe (US Am N/6/23)"]
[Site "?"]
[Date "1994.??.??"]
[Round "?"]
[White "al-Shareef, Robert"]
[Black "McGary, F."]
[Result "1-0"]
[WhiteElo "1605"]
[BlackElo "1725"]
[PlyCount "71"]
[EventDate "1994.??.??"]

{6/(23)} 1. Nf3 c5 2. c4 Nf6 3. g3 Nc6 4. Bg2 e5 5. d3 Be7 6. O-O O-O 7. Nc3 d5
8. Nd2 dxc4 9. Nxc4 a6 10. Bg5 Bd7 11. Bxf6 Bxf6 12. Nd5 Rb8 13. Rc1 Be6 14.
Ncb6 Be7 15. Nxe7+ Qxe7 16. Nd5 Qd6 17. Nc3 b6 18. Qa4 Na5 19. b3 Bd7 20. Qh4
f5 21. Nd5 Rf6 22. Nxf6+ Qxf6 23. Qxf6 gxf6 24. f4 Nb7 25. b4 Be6 26. a3 a5 27.
Bxb7 Rxb7 28. bxc5 bxc5 29. Rxc5 exf4 30. Rxf4 Ra7 31. d4 Ra6 32. d5 Bd7 33.
Rd4 Kg7 34. Kf2 Kg6 35. d6 h6 36. Rc7 1-0

[Event "Eastpointe (EDO/1b/7)"]
[Site "?"]
[Date "1994.??.??"]
[Round "?"]
[White "al-Shareef, Robert"]
[Black "LaForge, Tom"]
[Result "0-1"]
[WhiteElo "1605"]
[BlackElo "1980"]
[PlyCount "76"]
[EventDate "1994.??.??"]

1. Nf3 d5 2. c4 c6 3. d4 Nf6 4. Nc3 Bf5 5. Bf4 e6 6. Qb3 Qb6 7. e3 Nbd7 8. Qxb6
axb6 9. a3 Be7 10. Be2 O-O 11. O-O Ne4 12. Nxe4 Bxe4 13. Nd2 Bg6 14. f3 f5 15.
Bd3 Bf6 16. Bd6 Rfe8 17. f4 Rac8 18. Nf3 Kh8 19. Rfe1 Bf7 20. cxd5 cxd5 21. Bb5
Red8 22. Bxd7 Rxd7 23. Ne5 Bxe5 24. Bxe5 Rc2 25. b4 Rd8 26. Rec1 Rdc8 27. Rxc2
Rxc2 28. Kf1 Bh5 29. a4 Kg8 30. Bb8 Be2+ 31. Kf2 Bd3+ 32. Kg3 Be4 33. Ba7 Rxg2+
34. Kh3 h6 35. Bxb6 g5 36. fxg5 hxg5 37. Bc7 Rf2 38. Bg3 Bg2# 0-1

[Event "Detroit (MOR/7/17)"]
[Site "?"]
[Date "1994.??.??"]
[Round "?"]
[White "al-Shareef, Robert"]
[Black "Kozakowski, J."]
[Result "1/2-1/2"]
[WhiteElo "1605"]
[BlackElo "1680"]
[PlyCount "121"]
[EventDate "1994.??.??"]

{7/(17)} 1. Nf3 c5 2. e4 e6 3. d3 Nf6 4. Nbd2 d6 5. e5 dxe5 6. Nxe5 Bd6 7. Ndf3
Nbd7 8. Qe2 O-O 9. g3 b6 10. Bg2 Bb7 11. Nxd7 Qxd7 12. O-O Ng4 13. h3 Nf6 14.
Ne5 Qc7 15. Bxb7 Qxb7 16. Bf4 Rad8 17. Bg5 Be7 18. Rfe1 h6 19. Bd2 Nh7 20. Bc3
Bf6 21. Qg4 Kh8 22. h4 Rd5 23. f4 g6 24. a4 a5 25. Re3 Bg7 26. Rae1 Rdd8 27.
Qf3 Qxf3 28. Rxf3 Nf6 29. Nc6 Rd7 30. d4 cxd4 31. Bxd4 Rc8 32. Rc3 Rxc6 33.
Bxf6 Rxc3 34. Bxc3 Bxc3 35. bxc3 Rc7 36. Rb1 Rc6 37. Rb3 h5 38. Kf2 Kg7 39. Ke3
Kf6 40. Kd4 Kf5 41. c4 f6 42. Rb5+ Kg4 43. c5 bxc5+ 44. Rxc5 Rxc5 45. Kxc5 Kxg3
46. Kd6 e5 47. fxe5 fxe5 48. Kxe5 Kxh4 49. c4 g5 50. c5 g4 51. c6 g3 52. c7 g2
53. c8=Q g1=Q 54. Qc4+ Qg4 55. Qc6 Qg5+ 56. Kd4 Kg4 57. Qg2+ Kf5 58. Qd5+ Kg6
59. Qg8+ Kf5 60. Qd5+ Kg4 61. Qg2+ 1/2-1/2

[Event "Detroit (MOR/3/19)"]
[Site "?"]
[Date "1994.??.??"]
[Round "?"]
[White "al-Shareef, Robert"]
[Black "Choyke, J."]
[Result "1/2-1/2"]
[WhiteElo "1605"]
[BlackElo "1620"]
[PlyCount "89"]
[EventDate "1994.??.??"]

{3/(19)} 1. Nf3 e6 2. b3 b6 3. Bb2 Bb7 4. e3 d6 5. d4 Nf6 6. Nbd2 g6 7. c4 Nbd7
8. Qc2 Bg7 9. Be2 O-O 10. O-O Qe7 11. e4 e5 12. Bd3 a5 13. Rfe1 Ng4 14. h3 Nh6
15. dxe5 dxe5 16. Nf1 Rfd8 17. Ne3 c6 18. Rad1 f6 19. Qc1 Bf8 20. Nh2 Qe6 21.
c5 b5 22. Neg4 Nf7 23. Be2 Nxc5 24. Ba3 Nd7 25. Bxf8 Nxf8 26. Nh6+ Kg7 27. Nxf7
Qxf7 28. Ng4 Ne6 29. h4 Nf4 30. g3 Nxe2+ 31. Rxe2 Rxd1+ 32. Qxd1 h5 33. Rd2 Re8
34. Ne3 Re7 35. g4 Bc8 36. gxh5 gxh5 37. f3 Be6 38. Rg2+ Kh7 39. Qd6 Rc7 40. f4
exf4 41. Qxf4 a4 42. bxa4 bxa4 43. Nf5 Bxf5 44. Qxf5+ Kh6 45. Qf4+ 1/2-1/2

[Event "Eastpointe (EDO/5/21)"]
[Site "?"]
[Date "1994.??.??"]
[Round "?"]
[White "al-Shareef, Robert"]
[Black "Carvell, John"]
[Result "1-0"]
[WhiteElo "1605"]
[BlackElo "1605"]
[PlyCount "115"]
[EventDate "1994.??.??"]

{5/(21)} 1. e4 e5 2. Nf3 Nc6 3. Bb5 a6 4. Ba4 Nf6 5. Nc3 b5 6. Bb3 Be7 7. O-O
d6 8. h3 O-O 9. d4 Re8 10. Re1 Bf8 11. Bg5 Na5 12. dxe5 Nxb3 13. axb3 dxe5 14.
Qxd8 Rxd8 15. Nxb5 Bb7 16. Nc3 h6 17. Bh4 Bb4 18. Re3 Re8 19. Bxf6 gxf6 20. Nd5
Bxd5 21. exd5 e4 22. Nd4 Bc5 23. Rg3+ Kh8 24. Nf5 Bd6 25. Nxd6 cxd6 26. Ra4 f5
27. Re3 Kg7 28. Kf1 Kf6 29. b4 f4 30. Rea3 e3 31. fxe3 fxe3 32. Ke2 Rg8 33. g4
h5 34. Rxa6 Rad8 35. Rxe3 hxg4 36. hxg4 Rxg4 37. Rf3+ Kg7 38. b5 Rb4 39. Ra7
Rf8 40. b3 Rxb5 41. c4 Rbb8 42. Ra4 Rfe8+ 43. Kf2 Re4 44. Ra7 Rf8 45. Rd7 Rd4
46. Rxd6 Rd2+ 47. Ke3 Rb2 48. Rg3+ Kh7 49. Kd4 Rd2+ 50. Kc3 Rd1 51. Rf6 Rh1 52.
d6 Rh6 53. Rxh6+ Kxh6 54. c5 Rc8 55. Kd4 f5 56. d7 Rd8 57. c6 f4 58. Rf3 1-0

[Event "Eastpointe (US Am N/4/36)"]
[Site "?"]
[Date "1994.??.??"]
[Round "?"]
[White "al-Shareef, Robert"]
[Black "Bezrutch, B."]
[Result "1-0"]
[WhiteElo "1605"]
[BlackElo "1605"]
[PlyCount "71"]
[EventDate "1994.??.??"]

{4/(36)} 1. Nf3 Nc6 2. b3 d6 3. Bb2 e5 4. c4 Nf6 5. d4 exd4 6. Nxd4 Bd7 7. e3
g6 8. Be2 Bg7 9. O-O O-O 10. Bf3 Qe7 11. Na3 a6 12. Nac2 Rae8 13. Nxc6 Bxc6 14.
Bxc6 bxc6 15. Nb4 Qd7 16. Nxa6 c5 17. b4 cxb4 18. Nxb4 Re7 19. a4 Ra8 20. a5
Qf5 21. a6 Qc5 22. Qb3 Qb6 23. Qa4 Qc5 24. Nc6 Re4 25. Bd4 Qh5 26. a7 Rh4 27.
Ne7+ Kf8 28. Qc6 Rxh2 29. Nxg6+ fxg6 30. Qxa8+ Kf7 31. g4 Qh3 32. Bxf6 Bxf6 33.
Qd5+ Kg7 34. a8=Q Qxg4+ 35. Kxh2 Be5+ 36. f4 1-0